Los Sandinistas y los extremistas del oriente medio
sin resumen
সংরক্ষণ করুন:
| সংস্থা লেখক: | |
|---|---|
| বিন্যাস: | পাঠ্য |
| ভাষা: | Spanish |
| প্রকাশিত: |
Washington, D. C.:
Servicio Informativo y Cultural,
1985
|
| বিষয়গুলি: | |
| ট্যাগগুলো: |
ট্যাগ যুক্ত করুন
কোনো ট্যাগ নেই, প্রথমজন হিসাবে ট্যাগ করুন!
|
MARC
| LEADER | 00000 a a2200000 04500 | ||
|---|---|---|---|
| 001 | 1994 | ||
| 003 | cru CIDCACS/IIS | ||
| 005 | 20230313085608.0 | ||
| 008 | 230313b |||||||| |||| 00| 0 spa d | ||
| 040 | |c cru CIDCACS/IIS | ||
| 090 | |a 10708.00 | ||
| 110 | 1 | |a EE.UU. Secretaría de Estado | |
| 245 | 1 | 4 | |a Los Sandinistas y los extremistas del oriente medio |
| 260 | |a Washington, D. C.: |b Servicio Informativo y Cultural, |c 1985 | ||
| 300 | |a 16 p | ||
| 300 | |b il. | ||
| 500 | |a Colección Centroamérica | ||
| 520 | |a sin resumen | ||
| 650 | 0 | |9 3240 |a SANDINISMO | |
| 651 | 0 | |9 1861 |a NICARAGUA | |
| 942 | |2 ddc |c LI | ||
| 999 | |c 1220 |d 1220 | ||
